ESCOFFIER'S MA CUISINE (Record no. 16687)
[ view plain ]
| 000 -LEADER | |
|---|---|
| fixed length control field | 00280nam a22001337a 4500 |
| 003 - CONTROL NUMBER IDENTIFIER | |
| control field | SGT |
| 020 ## - INTERNATIONAL STANDARD BOOK NUMBER | |
| International Standard Book Number | 9780600601043 |
| 082 ## - DEWEY DECIMAL CLASSIFICATION NUMBER | |
| Item number | ESC |
| 100 ## - MAIN ENTRY--PERSONAL NAME | |
| Personal name | ESCOFFIER, AUGUSTE |
| 245 ## - TITLE STATEMENT | |
| Title | ESCOFFIER'S MA CUISINE |
| 260 ## - PUBLICATION, DISTRIBUTION, ETC. (IMPRINT) | |
| Place of publication, distribution, etc | HAMLYN PUBLICATION |
| Year of Publication | 2000 |
| 300 ## - PAGE DESCRIPTION | |
| No. of Pages | 884 |
| 942 ## - ADDED ENTRY ELEMENTS (KOHA) | |
| Source of classification or shelving scheme | Dewey Decimal Classification |
| Koha item type | Books |
| Withdrawn status | Lost status | Source of classification or shelving scheme | Damaged status | Not for loan | Collection code | Home library | Current library | Shelving location | Date acquired | Vendor Name | Cost, normal purchase price | SGTU | Bill Number | Full call number | Accession No. (Barcode) | Date last seen | Bill Date | Koha item type |
|---|---|---|---|---|---|---|---|---|---|---|---|---|---|---|---|---|---|---|
| Dewey Decimal Classification | Not For Loan | HOTEL MANAGEMENT | SGT Science & Social Sciences Library | SGT Science & Social Sciences Library | Reference Book | 25/01/2019 | JINDAL BOOK SERVICES | 1395.00 | SGTU | 2040 | ESC | HM1046 | 25/01/2019 | 25/01/2019 | Books |